| 000 -ლიდერი |
| ფიქსირებული სიგრძის საკონტროლო ველი |
01525nam a22002297a 4500 |
| 003 - საკონტროლო ნომრის იდენტიფიკატორი |
| საკონტროლო ველი |
Ge_BSU |
| 005 - ბოლო ოპერაციის თარიღი და დრო |
| საკონტროლო ველი |
20220525120017.0 |
| 008 - ფიქსირებული სიგრძის მონაცემთა ელემენტები - ზოგადი ინფორმაცია |
| ფიქსირებული სიგრძის საკონტროლო ველი |
220525s2018 ge ||||| |||| 00| 0 geo d |
| 041 ## - ენის კოდი |
| Language code of text/sound track or separate title |
geo |
| 080 ## - უნივერსალური ათობითი კლასიფიკაციის ინდექსი |
| Universal Decimal Classification number |
657.15 ხ-25 |
| 100 ## - მთავარი ჩანაწერი - პიროვნების სახელი |
| Personal name |
ხარაბაძე, ელენე |
| 9 (RLIN) |
13838 |
| 245 ## - ცნობა სათაურის შესახებ |
| Title |
ფინანსური აღრიცხვა: |
| Remainder of title |
სახელმძღვანელო / |
| Statement of responsibility, etc |
ელენე ხარაბაძე ; რედაქტორი: გოჩა თუთბერიძე; ივ.ჯავახიშვილის სახელობის თბილისის სახელმწიფო უნივერსიტეტი. |
| 250 ## - გამოცემის ცნობა |
| Edition statement |
მე-2 გადამუშავებული გამოცემა |
| 264 ## - წარმოების, გამოცემის, დისტრიბუციის და სხვა ცნობები |
| გამოცემის, წარმოების, დისტრიბუციის... ადგილი |
თბილისი, |
| გამოცემის, წარმოების, დისტრიბუციის... თარიღი |
2018. |
| 300 ## - ფიზიკური აღწერა |
| Extent |
334 გვ. |
| Other physical details |
29 სმ. |
| 653 ## - INDEX TERM--UNCONTROLLED |
| Uncontrolled term |
ფინანსური აღრიცხვა. |
| 653 ## - INDEX TERM--UNCONTROLLED |
| Uncontrolled term |
სახელმძღვანელო. |
| 700 ## - ADDED ENTRY--PERSONAL NAME |
| Personal name |
თუთბერიძე, გოჩა |
| Relator term |
რედაქტორი |
| 9 (RLIN) |
1688 |
| 710 ## - ADDED ENTRY--CORPORATE NAME |
| Corporate name or jurisdiction name as entry element |
ივ.ჯავახიშვილის სახელობის თბილისის სახელმწიფო უნივერსიტეტი. |
| 9 (RLIN) |
13839 |
| 856 ## - ELECTRONIC LOCATION AND ACCESS |
| Uniform Resource Identifier |
http://eprints.tsu.ge/882/1/%E1%83%A4%E1%83%98%E1%83%9C%E1%83%90%E1%83%9C%E1%83%A1%E1%83%A3%E1%83%A0%E1%83%98%20%E1%83%90%E1%83%A6%E1%83%A0%E1%83%98%E1%83%AA%E1%83%AE%E1%83%95%E1%83%90.pdf |
| Link text |
ელ. ვერსია. pdf |
| 942 ## - ADDED ENTRY ELEMENTS (KOHA) |
| Source of classification or shelving scheme |
|
| Koha item type |
წიგნი |